| 000 | 00791nam a2200277Ia 4500 | ||
|---|---|---|---|
| 008 | 170203s9999 xx 000 0 und d | ||
| 020 | _a0 753405164 | ||
| 050 | _a0 30 | ||
| 050 | _bS888i 2005 | ||
| 100 | _aStott, Carole. | ||
| 245 | _aI wonder why stars twinkle and other questions about space / | ||
| 245 | _cCarole Stott. | ||
| 260 | _aDanbury, Connecticut : | ||
| 260 | _bGrolier, | ||
| 260 | _c2005 | ||
| 300 | _a32 pages : | ||
| 300 | _bcolor illustrations ; | ||
| 300 | _c29 cm. | ||
| 440 | _aI wonder why series. | ||
| 500 | _aIncludes index. | ||
| 650 | _aAstronomy -- Miscellanea -- | ||
| 650 | _aSpace sciences -- Miscellanea -- | ||
| 650 | _xJuvenile literature. | ||
| 650 | _xJuvenile literature. | ||
| 700 | _aI wonder why Stars twinkle., Title. | ||
| 999 |
_c305728 _d305728 |
||